00253nam a2200109Ia 4500100002600000654001500026245003800041260003400079082001000113300000800123546001200131 aHogg/R. V ;Craig/A.T  aStatistics aIntrd. To Mathematical Statistics bAmerind Publ. CoaDelhic1972 a519.5 a415 aENGLISH